00775nam a2200193Ia 4500001000700000003000500007008004100012010001100053040000900064100002900073245025000102260004100352300001000393502007500403650001600478650002500494650002400519700003800543Z_1496CHAP220113s1992 xx 000 0 und d a164585 cCHAP aZúñiga Díaz, David aEvaluación del efecto de nueve asociaciones simples de maíz (Zea mays) con leguminosas forrajeras sobre producción de grano, producción y calidad del forraje en condiciones de temporal /cpor D. Zúñiga Díaz y M.A. Vargas del Angel aChapingo, Méx. :bEl autor,c1992 a63 h. aTesis (Ing. Agr. Esp. en Zootecnia) -- UACH. Departamento de Zootecnia aLeguminosas aMaíz como forraje  aSiembra múltiple  aI. Vargas del Angel, Miguel Angel